Musicals by Poster - Statistics

General Stats
  • This quiz has been taken 742 times
  • The average score is 35 of 54
Answer Stats
Picture Answer % Correct
Grease
95%
Frozen
92%
High School Musical
92%
Sing
92%
The Sound Of Music
91%
Annie
90%
Beauty And The Beast
90%
La La Land
90%
Mary Poppins
89%
Moana
89%
The Greatest Showman
87%
Chicago
86%
Hairspray
86%
Roald Dahl's Matilda The Musical
86%
The Little Mermaid
86%
Aladdin
85%
Mamma Mia!
85%
Mean Girls
85%
The Phantom Of The Opera
84%
High School Musical 2
77%
Descendants
76%
Les Miserables
76%
High School Musical 3: Senior Year
75%
The Princess And The Frog
74%
Enchanted
71%
Into The Woods
71%
Pitch Perfect
71%
Dear Evan Hansen
69%
West Side Story
69%
tick, tick... BOOM!
68%
A Star Is Born
61%
In The Heights
60%
Mamma Mia! Here We Go Again
60%
Moulin Rouge!
59%
Cinderella
58%
Chitty Chitty Bang Bang
57%
Sweeney Todd: The Demon Barber Of Fleet Street
57%
Bohemian Rhapsody
55%
Mary Poppins Returns
54%
Rocketman
53%
The Prince Of Egypt
52%
Bob Marley: One Love
43%
Dreamgirls
41%
Disenchanted
40%
Jersey Boys
37%
Thumbelina
32%
The Prom
31%
Burlesque
30%
Everybody's Talking About Jamie
26%
Bedknobs And Broomsticks
23%
Ray
23%
Whitney Houston: I Wanna Dance With Somebody
19%
Rock Of Ages
14%
Walk The Line
12%
No matching quizzes found
Score Distribution
Percent of People with Each Score
Percentile by Number Answered
Your Score History
You have not taken this quiz